000 00730nam a2200205 4500
001 117201
003 ES-MaACL
005 20250902041718.0
007 t|
008 070301s1977 sp r ||||1| spa d
100 1 _aPastor Ramos, Federico.
_989520
245 1 3 _aLa libertad en la carta a los gálatas
_b: estudio exegético-teológico /
_cFederico Pastor Ramos.
260 _aMadrid :
_bEspasa,
_c1977.
300 _a343 p. ;
_c24 cm.
490 1 _aPublicaciones de la Universidad Pontificia de Comillas. Serie I. Estudios
830 0 0 _aPublicaciones de la Universidad Pontificia Comillas
_9176621
852 _aES-MaACL
_jA-7065
_bR.96070
852 _aES-MaACL
_jA-7064
_bR.96260
999 _c117201
_d117201